00844cam a2200217 45000010005000000030008000050050017000130080041000300200015000710350018000860400032001040410008001360820024001442450087001682600055002553000021003104900031003315000196003625040041005586500027005995005BD-RjUL20211208234007.0131224r19631962e b 001 0 eng d a0518101665 a(BD-RjUL)5041 aDLCcDLCdDLCdBD-RjULbeng aeng00a335.4bREV 196322310aRevisionism : bessays on the history of Marxist ideas /cedited by Leopold Labedz aLondon:bAllen and Unwin,cc1962 [impression 1963] a404 p. ;c22 cm.0 aEssay index reprint series aReprint of the ed. published by Praeger, New York, which was issued as v. 1 of Library of international studies, and as no. 102 of Praeger publications in Russian history and world communism. aIncludes bibliographical references. 0aCommunist revisionism.